000 00612nam a2200205Ia 4500
005 20250508164942.0
008 008 250505s9999 xx 000 0 eng d
037 _aTextual
040 _aFEDL
_beng
_cFEDL
041 _aeng
_2eng
084 _a372.4, GUP
_qFEDL
100 _aGupta Nilanjana Ed.
_938089
245 0 _aReading children : Essays on children's literature
260 _aHyderabad, India
_bOrient Blackswan Private Limited
_c2009
300 _a207p
365 _aINR
_b395
700 _a Chatterjee Rimi B Ed.
_9779568
942 _cTEXL
_h372.4, GUP
999 _c1392234
_d1392234